Understanding by desgn : (Record no. 109673)
[ view plain ]
| 000 -LEADER | |
|---|---|
| fixed length control field | 00323nam a2200121 a 4500 |
| 005 - DATE AND TIME OF LATEST TRANSACTION | |
| control field | 20140414093847.0 |
| 008 - FIXED-LENGTH DATA ELEMENTS--GENERAL INFORMATION | |
| fixed length control field | 100616s19uu xx uuu eng d |
| 050 ## - LIBRARY OF CONGRESS CALL NUMBER | |
| Classification number | CDR 374.001 |
| Item number | W63 |
| 100 ## - MAIN ENTRY--PERSONAL NAME | |
| Personal name | Wiggins, Grant |
| 245 ## - TITLE STATEMENT | |
| Title | Understanding by desgn : |
| Remainder of title | using the backward design process. |
| 942 ## - ADDED ENTRY ELEMENTS (KOHA) | |
| Koha item type | Audio Visual Materials |
| Withdrawn status | Lost status | Damaged status | Home library | Current library | Shelving location | Date acquired | Source of acquisition | Total Checkouts | Full call number | Barcode | Date last seen | Price effective from | Koha item type |
|---|---|---|---|---|---|---|---|---|---|---|---|---|---|
| Luxembourg Library | Luxembourg Library | Audio Visual Material Section | 06/16/2010 | CDR 374.001 W63 | AV1330 | 04/14/2014 | 04/14/2014 | Audio Visual Materials |